| 000 | 00701nam a22002297a 4500 | ||
|---|---|---|---|
| 005 | 20170124110008.0 | ||
| 010 | _aA-735307 | ||
| 020 |
_c00.00 _a0074620932 |
||
| 035 | _aA-735307 | ||
| 037 | _bCen Lib/Ret | ||
| 040 |
_aDPL _bEN |
||
| 082 |
_a382 _bIND |
||
| 245 |
_aIndia : _cedited by Kalyan Banerji [and] Tarjani Vakil _bjoining the world economy / |
||
| 260 |
_aNew Delhi _bTata Mc-Graw Hill Company _c1995 |
||
| 270 |
_bNew Delhi _a4/12, Asaf Ali Road |
||
| 300 |
_axii, 241p. _c21cm(Hb) |
||
| 650 |
_aEconomics _979634 |
||
| 650 |
_aInternational commers _917286 |
||
| 700 |
_aBanerji, Kalyan _979635 |
||
| 700 |
_aVakil, Tarjan _979636 |
||
| 942 |
_2ddc _cEN _h382 _mIND |
||
| 999 |
_c126345 _d126345 |
||